header

Petroleum engineering handbook (Record no. 53877)

MARC details
000 -LEADER
fixed length control field 01254nam a2200301Ia 4500
245 00 - TITLE STATEMENT
Title Petroleum engineering handbook
260 ## - PUBLICATION, DISTRIBUTION, ETC. (IMPRINT)
Place of publication Richardson, TX :
Name of publisher Society of Petroleum Engineers,
Year of publication 2007.
300 ## - PHYSICAL DESCRIPTION
Number of Pages 170 p. :
Other physical details tables.
650 #0 - SUBJECT ADDED ENTRY--TOPICAL TERM
Topical Term Petroleum engineering
Topical Term Petroleum industry and trade.
700 1# - ADDED ENTRY--PERSONAL NAME
Personal name Lake, Larry W.
856 40 - ELECTRONIC LOCATION AND ACCESS
Uniform Resource Identifier http://site.ebrary.com/lib/rucke/Doc?id=10619581

No items available.

© 2026 Rongo University
Contact us: librarian | system librarian | Rongo university